| 000 | 00374 a2200169 4500 | ||
|---|---|---|---|
| 001 | 58452 | ||
| 020 | _a8526218476 | ||
| 040 | _cAnchieta - Pituba | ||
| 100 | _aMacedo, Joaquim Manuel de | ||
| 240 | 1 | 0 |
_aAs vítimas-algozes _lpor |
| 245 | 1 | 0 | _aAs vítimas-algozes |
| 300 | _a314 | ||
| 362 | 0 | _a1991 | |
| 440 | 1 | _aScipione | |
| 650 | 4 | _aFicção brasileira | |
| 942 | _cBK | ||
| 999 |
_c58452 _d58452 |
||